| 000 | nam a22 a 4500 | ||
|---|---|---|---|
| 999 |
_c475123 _d475123 |
||
| 003 | BLK | ||
| 005 | 20230419153253.0 | ||
| 008 | 180411b bul|||||r ||||||| ||bul|| | ||
| 010 | _aKNG00194668000 | ||
| 040 | _aBLK | ||
| 041 |
_aBUL _cBUL |
||
| 080 |
_aБългарска литература _b821.163.2 _x-7 _z821.163.2-7 |
||
| 080 |
_aБългарска литература _b821.163.2 _x-32 _z821.163.2-32 |
||
| 100 | 1 |
_aКирков, Георги _eпърви автор _9384291 |
|
| 139 |
_aКирков, Георги _bК 58 |
||
| 245 | 1 | 0 |
_aРазкази, фейлетони, статии _cГеорги Кирков. |
| 257 | _aBGR | ||
| 260 |
_aСофия _bБълг. писател _c1975 _9209502 _n978-619-204- ; 978-954-443- ; 954-90895- |
||
| 300 |
_a451 с. _b с 1 л. портр. _c19 см |
||
| 380 | _aX | ||
| 490 |
_aБиблиотека Български писатели _9458671 |
||
| 852 | _aЦб 77878 | ||
| 856 | 4 |
_qpdf _i0.00 _ldisable |
|
| 856 | 4 |
_qpdf _i0.00 _ldisable |
|
| 942 |
_cKNG _n0 _01 _s1 |
||
| 944 |
_aCR _c2022-10-05 _kир |
||
| 999 | _d475123 | ||
| 999 | _d475123 | ||